[Event "Madrid ch Veteranos 2018-2019"]
[Site "Madrid ESP"]
[Date "2019.01.11"]
[Round "5.15"]
[White "Roldan Garcia, Angel"]
[Black "Ortega Molina, Tomas"]
[Result "1-0"]
[WhiteElo "1812"]
[BlackElo "1623"]
[PlyCount "93"]
[EventDate "2019.01.07"]
[EventType "swiss"]
[EventRounds "9"]
[EventCountry "ESP"]
[SourceTitle "Ajedrez en Madrid"]
[Source "lmi"]
[SourceDate "2019.01.07"]
[SourceVersion "1"]
[SourceVersionDate "2019.01.22"]
[SourceQuality "1"]

1. e4 c5 2. c3 Nf6 3. e5 Nd5 4. d4 cxd4 5. Nf3 e6 6. cxd4 Nc6 7. Bc4 Nb6 8. Bd3
d5 9. Nc3 a6 10. O-O Be7 11. a3 Bd7 12. Bf4 h6 13. Rc1 Rc8 14. Bb1 Nc4 15. Qb3
N6a5 16. Qa2 Qb6 17. b4 Nc6 18. Na4 Qa7 19. Nc5 b6 20. Nb3 g5 21. Be3 g4 22.
Nfd2 b5 23. Nc5 Bxc5 24. bxc5 Ne7 25. Nxc4 dxc4 26. Qd2 Ng8 27. d5 Qa8 28. c6
Bxc6 29. dxc6 Qxc6 30. Rfd1 Ne7 31. Qd4 h5 32. Be4 Nd5 33. Bxd5 exd5 34. Qxd5
Qxd5 35. Rxd5 Rc6 36. Rd6 Rxd6 37. exd6 Kd7 38. Bf4 Re8 39. Kf1 Re4 40. g3 Rd4
41. Rc3 Rd1+ 42. Ke2 Rh1 43. Re3 Ra1 44. Re7+ Kd8 45. Bg5 Ra2+ 46. Kd1 Kc8 47.
d7+ 1-0

[Event "Madrid ch Veteranos 2018-2019"]
[Site "Madrid ESP"]
[Date "2019.01.11"]
[Round "5.16"]
[White "Rodriguez Bachiller, Luis"]
[Black "Garcia Sanz, Eduardo"]
[Result "1-0"]
[WhiteElo "1613"]
[BlackElo "1795"]
[PlyCount "63"]
[EventDate "2019.01.07"]
[EventType "swiss"]
[EventRounds "9"]
[EventCountry "ESP"]
[SourceTitle "Ajedrez en Madrid"]
[Source "lmi"]
[SourceDate "2019.01.07"]
[SourceVersion "1"]
[SourceVersionDate "2019.01.22"]
[SourceQuality "1"]

1. e4 c5 2. Nf3 e6 3. d4 cxd4 4. Nxd4 Nc6 5. Nc3 Qc7 6. Be3 Nf6 7. Be2 a6 8.
O-O b5 9. Nxc6 dxc6 10. f4 b4 11. Na4 Nxe4 12. Bf3 Nf6 13. Qd4 Be7 14. Qc4 Nd5
15. Bf2 O-O 16. f5 a5 17. Nc5 Bxc5 18. Qxc5 Rd8 19. Rad1 Rb8 20. Bg3 Qb7 21.
Bxb8 Qxb8 22. Qxa5 Bd7 23. Qc5 g6 24. fxe6 Bxe6 25. Bxd5 Rxd5 26. Qxc6 Qa7+ 27.
Kh1 Qxa2 28. Rxd5 Bxd5 29. Qe8+ Kg7 30. Qe5+ Kg8 31. Rd1 b3 32. cxb3 1-0

[Event "Madrid ch Veteranos 2018-2019"]
[Site "Madrid ESP"]
[Date "2019.01.11"]
[Round "5.17"]
[White "Martinez Martinez, Javier II"]
[Black "Perez Cameselle, Francisco"]
[Result "0-1"]
[WhiteElo "1604"]
[BlackElo "1767"]
[PlyCount "106"]
[EventDate "2019.01.07"]
[EventType "swiss"]
[EventRounds "9"]
[EventCountry "ESP"]
[SourceTitle "Ajedrez en Madrid"]
[Source "lmi"]
[SourceDate "2019.01.07"]
[SourceVersion "1"]
[SourceVersionDate "2019.01.22"]
[SourceQuality "1"]

1. d4 Nf6 2. Nf3 g6 3. e3 Bg7 4. Bd3 d6 5. O-O O-O 6. Nbd2 Nc6 7. c3 e5 8. Re1
Re8 9. e4 exd4 10. cxd4 Nb4 11. Bb1 c5 12. a3 Na6 13. Ba2 cxd4 14. b4 Be6 15.
Bxe6 fxe6 16. Nxd4 Kh8 17. Bb2 Nc7 18. N2f3 d5 19. exd5 exd5 20. Ng5 Qd7 21.
Qb3 Rxe1+ 22. Rxe1 Re8 23. Rxe8+ Qxe8 24. Kf1 Ne4 25. Qe3 Qa4 26. Nxe4 Qd1+ 27.
Qe1 Qd3+ 28. Ne2 Bxb2 29. Nd6 Qa6 30. Nf7+ Kg7 31. Ng5 Qxa3 32. g3 Qa1 33. Qxa1
Bxa1 34. Nc1 Bc3 35. Nd3 h6 36. Nf3 Kf6 37. Ke2 b6 38. h3 g5 39. g4 Na6 40.
Nfe1 Nxb4 41. Nxb4 Bxb4 42. Nd3 Bd6 43. Kd2 a5 44. Kc3 a4 45. Kd4 a3 46. Nc1
Ke6 47. Kd3 Ke5 48. Ke3 b5 49. Nd3+ Ke6 50. Nc1 b4 51. Nb3 a2 52. Nd4+ Kd7 53.
Nb3 Be5 0-1

[Event "Madrid ch Veteranos 2018-2019"]
[Site "Madrid ESP"]
[Date "2019.01.11"]
[Round "5.18"]
[White "Martinez Carrasco, Jesus"]
[Black "Tudela Garcia, Antonio"]
[Result "0-1"]
[WhiteElo "1601"]
[BlackElo "1568"]
[PlyCount "80"]
[EventDate "2019.01.07"]
[EventType "swiss"]
[EventRounds "9"]
[EventCountry "ESP"]
[SourceTitle "Ajedrez en Madrid"]
[Source "lmi"]
[SourceDate "2019.01.07"]
[SourceVersion "1"]
[SourceVersionDate "2019.01.22"]
[SourceQuality "1"]

1. d4 Nf6 2. c4 e6 3. Nc3 Bb4 4. Qc2 c5 5. e3 Nc6 6. Nf3 d5 7. a3 Bxc3+ 8. bxc3
Qa5 9. cxd5 exd5 10. Be2 Ne4 11. Bb2 cxd4 12. exd4 O-O 13. O-O h6 14. Bd3 Bf5
15. Rfe1 Rfe8 16. h3 Bh7 17. Re2 Re6 18. Rae1 f5 19. Nd2 Rf6 20. c4 Rc8 21. Nb3
Qd8 22. f3 Qf8 23. Qb1 Ng3 24. Rc2 dxc4 25. Bxc4+ Kh8 26. Bd3 Rd6 27. Qc1 Rcd8
28. Qf4 Nh5 29. Qh4 Nf6 30. Qf2 Nd5 31. Nc5 Nf4 32. Rc4 Rg6 33. Rec1 Rxg2+ 34.
Qxg2 Nxg2 35. Kxg2 Qe7 36. Kf1 Qh4 37. Kg2 Rd6 38. Bf1 Rg6+ 39. Kh1 Qf2 40.
R4c2 Qg1# 0-1

[Event "Madrid ch Veteranos 2018-2019"]
[Site "Madrid ESP"]
[Date "2019.01.11"]
[Round "5.19"]
[White "Diaz Begonte, Manuel"]
[Black "Lopez Peral, Enrique"]
[Result "0-1"]
[WhiteElo "1552"]
[BlackElo "1702"]
[PlyCount "84"]
[EventDate "2019.01.07"]
[EventType "swiss"]
[EventRounds "9"]
[EventCountry "ESP"]
[SourceTitle "Ajedrez en Madrid"]
[Source "lmi"]
[SourceDate "2019.01.07"]
[SourceVersion "1"]
[SourceVersionDate "2019.01.22"]
[SourceQuality "1"]

1. e4 e5 2. Nf3 Nf6 3. d4 Nxe4 4. Bd3 d5 5. Nxe5 Be7 6. O-O O-O 7. Re1 Nf6 8.
Bg5 Be6 9. c3 Nbd7 10. Qc2 h6 11. Bh4 Nh5 12. Bxe7 Qxe7 13. Qd1 Nf4 14. Bf1 Qg5
15. Qf3 Ng6 16. Nxd7 Bxd7 17. Na3 Rfe8 18. Nc2 c6 19. Ne3 Re7 20. Qg3 Qf4 21.
Bd3 Rae8 22. Bxg6 Qxg3 23. Bxf7+ Kxf7 24. hxg3 Re4 25. Nc2 Re2 26. Rxe2 Rxe2
27. Rc1 Bf5 28. Ne3 Bg6 29. Nd1 Re1+ 30. Kh2 Bd3 31. f3 Be2 32. Rc2 Bxd1 33.
Rc1 Rf1 34. g4 Be2 35. Rc2 Ba6 36. Kg3 Re1 37. Kf2 Re7 38. b3 Kf6 39. g3 b6 40.
c4 dxc4 41. bxc4 b5 42. d5 bxc4 0-1

[Event "Madrid ch Veteranos 2018-2019"]
[Site "Madrid ESP"]
[Date "2019.01.11"]
[Round "5.20"]
[White "Menendez Domes, Juan"]
[Black "Calderon Martin, Antonio"]
[Result "0-1"]
[WhiteElo "1393"]
[BlackElo "1681"]
[PlyCount "48"]
[EventDate "2019.01.07"]
[EventType "swiss"]
[EventRounds "9"]
[EventCountry "ESP"]
[SourceTitle "Ajedrez en Madrid"]
[Source "lmi"]
[SourceDate "2019.01.07"]
[SourceVersion "1"]
[SourceVersionDate "2019.01.22"]
[SourceQuality "1"]

1. e4 e5 2. Nf3 Nc6 3. Bc4 Bc5 4. Nc3 a6 5. a3 Nf6 6. d3 h6 7. h3 d6 8. Bd2 Be6
9. Bxe6 fxe6 10. Qc1 d5 11. Na4 Ba7 12. b4 dxe4 13. dxe4 Nxe4 14. O-O Nxd2 15.
Nxd2 O-O 16. Ne4 Qh4 17. Nac5 Nd4 18. Qd2 b6 19. Nxa6 Qxe4 20. Nxc7 Qg6 21. f4
Rac8 22. fxe5 Rxf1+ 23. Rxf1 Rxc7 24. Qxd4 b5 0-1

[Event "Madrid ch Veteranos 2018-2019"]
[Site "Madrid ESP"]
[Date "2019.01.11"]
[Round "5.21"]
[White "Prieto Gonzalez, Cesar"]
[Black "Villodre Miranda, Juan Alonso"]
[Result "0-1"]
[WhiteElo "1505"]
[BlackElo "1594"]
[PlyCount "96"]
[EventDate "2019.01.07"]
[EventType "swiss"]
[EventRounds "9"]
[EventCountry "ESP"]
[SourceTitle "Ajedrez en Madrid"]
[Source "lmi"]
[SourceDate "2019.01.07"]
[SourceVersion "1"]
[SourceVersionDate "2019.01.22"]
[SourceQuality "1"]

1. e4 c5 2. Nc3 e5 3. Nf3 Nc6 4. Bc4 h6 5. a3 g6 6. d3 Bg7 7. Be3 d6 8. Nd5
Nge7 9. h3 Nxd5 10. Bxd5 Ne7 11. Ba2 O-O 12. Qd2 Kh7 13. g4 f5 14. Qe2 f4 15.
Bd2 b6 16. Bc3 Bb7 17. O-O-O Qc7 18. Rhe1 g5 19. h4 Kg6 20. Rh1 Rh8 21. Rh2 Nc6
22. Rdh1 Qd7 23. hxg5 hxg5 24. Ng1 Rxh2 25. Rxh2 Rh8 26. f3 Bf6 27. Rxh8 Bxh8
28. Qh2 Qh7 29. Qxh7+ Kxh7 30. Bd5 Nd8 31. Bxb7 Nxb7 32. b4 Bf6 33. Kb2 Kg7 34.
Kb3 Kf7 35. Kc4 a6 36. Kd5 cxb4 37. axb4 a5 38. bxa5 Nxa5 39. Kxd6 Nb7+ 40. Kc6
Nc5 41. Kxb6 Na4+ 42. Ka5 Nxc3 43. Kb4 Nd1 44. c4 Ke6 45. Ne2 Kd6 46. Kb3 Nf2
47. Kc2 Bd8 48. Kb3 Nxd3 0-1

[Event "Madrid ch Veteranos 2018-2019"]
[Site "Madrid ESP"]
[Date "2019.01.11"]
[Round "5.22"]
[White "Olmos Sanz, Francisco J"]
[Black "Yela Garcia, Carlos"]
[Result "1-0"]
[WhiteElo "1574"]
[BlackElo "1546"]
[PlyCount "44"]
[EventDate "2019.01.07"]
[EventType "swiss"]
[EventRounds "9"]
[EventCountry "ESP"]
[SourceTitle "Ajedrez en Madrid"]
[Source "lmi"]
[SourceDate "2019.01.07"]
[SourceVersion "1"]
[SourceVersionDate "2019.01.22"]
[SourceQuality "1"]

1. c4 c5 2. Nc3 Nc6 3. Nf3 Nf6 4. e3 d5 5. cxd5 Nxd5 6. a3 g6 7. Bb5 Nxc3 8.
Bxc6+ Bd7 9. Bxd7+ Qxd7 10. bxc3 Bg7 11. d4 cxd4 12. cxd4 Rd8 13. Qe2 Qc6 14.
O-O O-O 15. Bb2 Rd5 16. a4 h5 17. e4 Rdd8 18. d5 Qd6 19. Bxg7 Kxg7 20. Qb2+ f6
21. Ng5 Qb6 22. Ne6+ Kf7 1-0

[Event "Madrid ch Veteranos 2018-2019"]
[Site "Madrid ESP"]
[Date "2019.01.11"]
[Round "5.23"]
[White "De Juan Rivas, Antonio"]
[Black "Martinez Pintor, Juan"]
[Result "1/2-1/2"]
[WhiteElo "1560"]
[BlackElo "1628"]
[PlyCount "53"]
[EventDate "2019.01.07"]
[EventType "swiss"]
[EventRounds "9"]
[EventCountry "ESP"]
[SourceTitle "Ajedrez en Madrid"]
[Source "lmi"]
[SourceDate "2019.01.07"]
[SourceVersion "1"]
[SourceVersionDate "2019.01.22"]
[SourceQuality "1"]

1. d4 d5 2. Bf4 Nf6 3. e3 c5 4. c3 Qb6 5. Qb3 c4 6. Qc2 Nc6 7. Nd2 g6 8. Ngf3
Bf5 9. Qc1 Bg7 10. Be2 O-O 11. Ne5 Nd7 12. Nxd7 Bxd7 13. Nf3 f6 14. h3 e5 15.
dxe5 fxe5 16. Bg3 Qd8 17. e4 Be6 18. Ng5 Bc8 19. exd5 Qxd5 20. Bf3 Qc5 21. Ne4
Qe7 22. Qe3 Bf5 23. Be2 b5 24. h4 h5 25. Bf3 Qc7 26. Rd1 Rad8 27. O-O 1/2-1/2

[Event "Madrid ch Veteranos 2018-2019"]
[Site "Madrid ESP"]
[Date "2019.01.11"]
[Round "5.24"]
[White "Lopez Guitian, Juan J"]
[Black "Navarro Corredor, Angel"]
[Result "1-0"]
[WhiteElo "1577"]
[BlackElo "1343"]
[PlyCount "79"]
[EventDate "2019.01.07"]
[EventType "swiss"]
[EventRounds "9"]
[EventCountry "ESP"]
[SourceTitle "Ajedrez en Madrid"]
[Source "lmi"]
[SourceDate "2019.01.07"]
[SourceVersion "1"]
[SourceVersionDate "2019.01.22"]
[SourceQuality "1"]

1. Nf3 Nf6 2. c4 b6 3. g3 Bb7 4. Bg2 d6 5. d4 e6 6. O-O Be7 7. Nc3 O-O 8. Bd2
Nbd7 9. Qc2 Rb8 10. e4 e5 11. d5 Bc8 12. b4 Re8 13. Rfb1 Nf8 14. a4 Bd7 15. Ne1
Ng6 16. Nd3 Qc8 17. Nb5 Ra8 18. c5 a6 19. Na3 Bh3 20. f4 Bxg2 21. Kxg2 Nxe4 22.
Rf1 Nxd2 23. Qxd2 exf4 24. Qf2 fxg3 25. Qxf7+ Kh8 26. hxg3 Rf8 27. Qe6 Rf6 28.
Rxf6 Bxf6 29. Rc1 Nf8 30. Qxc8 Rxc8 31. cxb6 Bd8 32. Rc6 Kg8 33. Nc4 Rb8 34.
bxc7 Bxc7 35. Rxc7 Ra8 36. Nxd6 Rd8 37. Nf5 Rd7 38. d6 g6 39. Ne5 Rd8 40. Nh6+
1-0

[Event "Madrid ch Veteranos 2018-2019"]
[Site "Madrid ESP"]
[Date "2019.01.11"]
[Round "5.26"]
[White "Perez Ramos, Miguel Angel"]
[Black "Abad Martin-Camuñas, Luis"]
[Result "0-1"]
[WhiteElo "1131"]
[BlackElo "1369"]
[PlyCount "85"]
[EventDate "2019.01.07"]
[EventType "swiss"]
[EventRounds "9"]
[EventCountry "ESP"]
[SourceTitle "Ajedrez en Madrid"]
[Source "lmi"]
[SourceDate "2019.01.07"]
[SourceVersion "1"]
[SourceVersionDate "2019.01.22"]
[SourceQuality "1"]

1. e4 e6 2. Nf3 d5 3. exd5 exd5 4. d4 Bd6 5. c3 Bg4 6. Be3 c6 7. Be2 Nf6 8. Bg5
Nbd7 9. Nbd2 O-O 10. O-O Re8 11. Re1 Qc7 12. g3 Ne4 13. Be3 Ndf6 14. Nxe4 Nxe4
15. Ne5 Bxe2 16. Qxe2 Bxe5 17. dxe5 Qxe5 18. Bf4 Qe6 19. Qf1 Qd7 20. Rad1 Re6
21. Qg2 Rae8 22. Qf1 Qe7 23. Re3 g5 24. Qh3 gxf4 25. Qg4+ Qg5 26. Qxf4 Qxf4 27.
gxf4 Nf6 28. Rde1 Ng4 29. Rxe6 Rxe6 30. Rf1 Re2 31. h3 Nf6 32. Rb1 Ne4 33. f3
Nd2 34. Rd1 Nxf3+ 35. Kf1 Rxb2 36. Rd3 Nh4 37. Rg3+ Kf8 38. Rg4 Nf5 39. Rg5 Ng7
40. Rg4 f5 41. Rh4 h5 42. Ke1 Rxa2 43. Kd1 0-1

[Event "Madrid ch Veteranos 2018-2019"]
[Site "Madrid ESP"]
[Date "2019.01.11"]
[Round "5.27"]
[White "Infante Martin, Alonso"]
[Black "Martin Rodriguez, Jose Luis"]
[Result "1-0"]
[WhiteElo "1348"]
[BlackElo "1285"]
[PlyCount "147"]
[EventDate "2019.01.07"]
[EventType "swiss"]
[EventRounds "9"]
[EventCountry "ESP"]
[SourceTitle "Ajedrez en Madrid"]
[Source "lmi"]
[SourceDate "2019.01.07"]
[SourceVersion "1"]
[SourceVersionDate "2019.01.22"]
[SourceQuality "1"]

1. d4 Nf6 2. c4 e6 3. Nc3 Bb4 4. Bd2 O-O 5. Qc2 d5 6. e3 b6 7. a3 Bxc3 8. Bxc3
Ba6 9. b3 Bb7 10. Bd3 dxc4 11. Bf1 cxb3 12. Qxb3 Qd5 13. Qc2 Ba6 14. Bxa6 Nxa6
15. f3 c6 16. Ne2 Nc7 17. O-O Nb5 18. Bb2 Rac8 19. e4 Qd8 20. a4 Nc7 21. Rfd1
Qd7 22. Rac1 Na6 23. Ba3 Rfd8 24. Nf4 b5 25. axb5 cxb5 26. Qb2 Rxc1 27. Rxc1
Rc8 28. Rxc8+ Qxc8 29. Qxb5 Nb8 30. h3 h6 31. h4 Nbd7 32. g4 Qb8 33. Qxb8+ Nxb8
34. Kf2 Nfd7 35. Nd3 Nc6 36. Ke3 a6 37. Nc5 Nxc5 38. Bxc5 g5 39. h5 Kg7 40. f4
Na5 41. fxg5 hxg5 42. Kd3 Nb7 43. Be7 f6 44. h6+ Kxh6 45. Bxf6 Kg6 46. Be7 Na5
47. d5 exd5 48. exd5 Nb7 49. Kc4 Kf7 50. Bxg5 Nd6+ 51. Kb4 Nb7 52. Bf4 Kf6 53.
Kc4 Kg6 54. Kd4 Kf6 55. Kc4 Kg6 56. Kd3 Kf6 57. Kd4 Kg6 58. Ke5 a5 59. d6 Nxd6
60. Kxd6 Kf6 61. Kc5 a4 62. Kb4 a3 63. Kb3 a2 64. Kxa2 Kg6 65. Kb3 Kf6 66. Kc4
Kg6 67. Kd5 Kf6 68. Ke4 Kg6 69. Ke5 Kg7 70. Kf5 Kh7 71. Be5 Kg8 72. Kg6 Kf8 73.
Kh7 Kf7 74. g5 1-0

[Event "Madrid ch Veteranos 2018-2019"]
[Site "Madrid ESP"]
[Date "2019.01.11"]
[Round "5.29"]
[White "Garcia Lafuente, Luis"]
[Black "Suarez Mencia, Roberto"]
[Result "0-1"]
[WhiteElo "1556"]
[BlackElo "1392"]
[PlyCount "72"]
[EventDate "2019.01.07"]
[EventType "swiss"]
[EventRounds "9"]
[EventCountry "ESP"]
[SourceTitle "Ajedrez en Madrid"]
[Source "lmi"]
[SourceDate "2019.01.07"]
[SourceVersion "1"]
[SourceVersionDate "2019.01.22"]
[SourceQuality "1"]

1. d4 Nf6 2. Nf3 g6 3. Bf4 d6 4. Nbd2 Bg7 5. e3 Nbd7 6. h3 c5 7. c3 cxd4 8.
exd4 Nb6 9. Be2 Nbd5 10. Bh2 Nh5 11. Bc4 Ndf4 12. O-O O-O 13. Ng5 d5 14. Bb3
Bf5 15. g4 e6 16. Bxf4 Nxf4 17. h4 h6 18. gxf5 hxg5 19. Qf3 Nh5 20. Kh1 gxh4
21. Rg1 exf5 22. Bxd5 Nf6 23. Rxg6 Qxd5 24. Qxd5 Nxd5 25. Rg5 Nf4 26. Rag1 Ng6
27. Rxf5 Rae8 28. Nc4 Re6 29. d5 Rf6 30. Rxf6 Bxf6 31. Nd6 Rd8 32. Ne4 Bg7 33.
d6 Be5 34. Nc5 Rxd6 35. Nxb7 Rd2 36. Rg2 h3 0-1

[Event "Madrid ch Veteranos 2018-2019"]
[Site "Madrid ESP"]
[Date "2019.01.14"]
[Round "6.1"]
[White "Martin Martin, Luis Vicente"]
[Black "Elissalt Cardenas, Hector"]
[Result "0-1"]
[WhiteElo "1981"]
[BlackElo "2303"]
[PlyCount "80"]
[EventDate "2019.01.07"]
[EventType "swiss"]
[EventRounds "9"]
[EventCountry "ESP"]
[SourceTitle "Ajedrez en Madrid"]
[Source "lmi"]
[SourceDate "2019.01.07"]
[SourceVersion "1"]
[SourceVersionDate "2019.01.22"]
[SourceQuality "1"]

1. d4 Nf6 2. Bf4 e6 3. e3 c5 4. c3 Nc6 5. Nd2 d5 6. Ngf3 Be7 7. Ne5 Nxe5 8.
Bxe5 O-O 9. Bd3 Nd7 10. Bg3 f5 11. O-O c4 12. Bc2 b5 13. f3 Bb7 14. Qe2 b4 15.
cxb4 Bxb4 16. a3 Ba5 17. b4 Bb6 18. Bf2 e5 19. Ba4 Re8 20. Nxc4 dxc4 21. Qxc4+
Kh8 22. Qb5 exd4 23. exd4 Nf6 24. Qxf5 Re2 25. Rad1 Qd5 26. Qd3 Re7 27. Rfe1
Rxe1+ 28. Rxe1 Rd8 29. Bb3 Qd7 30. Rd1 Bd5 31. Bc2 Bf7 32. Qa6 Qc6 33. Bd3 Qd6
34. Bc4 Nd5 35. Bf1 Nf4 36. Qb5 h6 37. a4 Be8 38. Qa6 Qxb4 39. g3 Nd5 40. Kg2
Qxa4 0-1

[Event "Madrid ch Veteranos 2018-2019"]
[Site "Madrid ESP"]
[Date "2019.01.14"]
[Round "6.2"]
[White "Esteban Amo, Jose M"]
[Black "Sanchez Garcia, Aurelio"]
[Result "1/2-1/2"]
[WhiteElo "1888"]
[BlackElo "2058"]
[PlyCount "71"]
[EventDate "2019.01.07"]
[EventType "swiss"]
[EventRounds "9"]
[EventCountry "ESP"]
[SourceTitle "Ajedrez en Madrid"]
[Source "lmi"]
[SourceDate "2019.01.07"]
[SourceVersion "1"]
[SourceVersionDate "2019.01.22"]
[SourceQuality "1"]

1. d4 Nf6 2. Bf4 g6 3. e3 Bg7 4. Nd2 O-O 5. h3 d6 6. Ngf3 c5 7. c3 cxd4 8. exd4
Nc6 9. Be2 Nd5 10. Bg3 e5 11. dxe5 dxe5 12. O-O Be6 13. Ne4 f6 14. Nc5 Bf7 15.
Qc2 Qe7 16. Ne4 Rac8 17. a3 f5 18. Bh4 Qc7 19. Neg5 e4 20. Nd2 Nf4 21. Bd1 Nd4
22. Qb1 Nde2+ 23. Kh1 Nxc3 24. bxc3 Qxc3 25. Ra2 Bxa2 26. Qxa2+ Kh8 27. Bg3 h6
28. Bxf4 hxg5 29. Bxg5 Qb2 30. Qe6 Rc6 31. Qe7 Qb6 32. Bf4 Rcf6 33. Be5 R8f7
34. Qe8+ Rf8 35. Qe7 R8f7 36. Qe8+ 1/2-1/2

[Event "Madrid ch Veteranos 2018-2019"]
[Site "Madrid ESP"]
[Date "2019.01.14"]
[Round "6.3"]
[White "Gonzalez Rivera, Eduardo"]
[Black "Cabañas Bravo, Juan Andres"]
[Result "1/2-1/2"]
[WhiteElo "2025"]
[BlackElo "1965"]
[PlyCount "120"]
[EventDate "2019.01.07"]
[EventType "swiss"]
[EventRounds "9"]
[EventCountry "ESP"]
[SourceTitle "Ajedrez en Madrid"]
[Source "lmi"]
[SourceDate "2019.01.07"]
[SourceVersion "1"]
[SourceVersionDate "2019.01.22"]
[SourceQuality "1"]

1. e4 e5 2. Nf3 Nc6 3. Bb5 a6 4. Bxc6 dxc6 5. O-O Bg4 6. h3 h5 7. d3 Qf6 8. Be3
Bxf3 9. Qxf3 Qxf3 10. gxf3 Bd6 11. Nd2 Ne7 12. Nc4 Kd7 13. d4 Ng6 14. dxe5 Nxe5
15. Nxe5+ Bxe5 16. f4 Bxb2 17. Rab1 Ba3 18. Rxb7 Rhb8 19. Rfb1 Rxb7 20. Rxb7 f6
21. Kg2 a5 22. Kg3 Bb4 23. Kh4 c5 24. a4 Kc8 25. Rb5 c6 26. Rxc5 Bxc5 27. Bxc5
Kd7 28. Kxh5 Re8 29. f3 Rh8+ 30. Kg4 g6 31. Bb6 Ke6 32. h4 Rb8 33. Bxa5 Ra8 34.
Bb4 Rxa4 35. c3 Ra1 36. Kg3 Rg1+ 37. Kh2 Rc1 38. Kg3 Kf7 39. Kh3 c5 40. Bxc5
Rxc3 41. Bd4 Rxf3+ 42. Kg4 Ra3 43. Bf2 Ra4 44. Kf3 Ra3+ 45. Kg4 Kg7 46. Bc5 Ra4
47. Kf3 Rc4 48. Bb6 Kh6 49. Bd8 Rc6 50. e5 f5 51. Kg3 Rc3+ 52. Kg2 Kg7 53. Bf6+
Kf7 54. Bg5 Ke6 55. Bf6 Kd5 56. Bg5 Rc6 57. Kf3 Kd4 58. Bf6 Rc3+ 59. Kf2 Kd5
60. Bg5 Ra3 1/2-1/2

[Event "Madrid ch Veteranos 2018-2019"]
[Site "Madrid ESP"]
[Date "2019.01.14"]
[Round "6.4"]
[White "Lopez de Turiso, Jose Angel"]
[Black "Garcia Diez, Mariano"]
[Result "1-0"]
[WhiteElo "1950"]
[BlackElo "1887"]
[PlyCount "101"]
[EventDate "2019.01.07"]
[EventType "swiss"]
[EventRounds "9"]
[EventCountry "ESP"]
[SourceTitle "Ajedrez en Madrid"]
[Source "lmi"]
[SourceDate "2019.01.07"]
[SourceVersion "1"]
[SourceVersionDate "2019.01.22"]
[SourceQuality "1"]

1. b4 e6 2. a3 Nf6 3. Bb2 d5 4. Nf3 Nbd7 5. e3 Bd6 6. c4 c6 7. d4 Ne4 8. Nbd2
f5 9. b5 O-O 10. a4 Bb4 11. Ba3 Bxa3 12. Rxa3 Qe7 13. Qb3 Ndf6 14. Be2 Bd7 15.
Ra2 Be8 16. Ne5 Nxd2 17. Rxd2 Ne4 18. Rb2 f4 19. O-O fxe3 20. Qxe3 Nd6 21. c5
Nf5 22. Qc3 Qh4 23. f4 g5 24. g4 Ne7 25. Qg3 Rxf4 26. Rxf4 Qxg3+ 27. hxg3 gxf4
28. gxf4 Ng6 29. Nxg6 hxg6 30. Kf2 Kg7 31. g5 Bd7 32. Kg3 Rf8 33. Bd3 Rf7 34.
Rh2 Re7 35. Rh6 Be8 36. Rh1 Rf7 37. Rb1 Re7 38. Kf3 Rf7 39. Ke3 Re7 40. Rh1 Rf7
41. Rh6 Re7 42. Kd2 Rd7 43. Kc3 Re7 44. Kb4 Rc7 45. b6 axb6 46. cxb6 Rf7 47.
Rxg6+ Kf8 48. Rf6 Rxf6 49. gxf6 Bd7 50. Bg6 Bc8 51. Kc5 1-0

[Event "Madrid ch Veteranos 2018-2019"]
[Site "Madrid ESP"]
[Date "2019.01.14"]
[Round "6.5"]
[White "Martin Rodriguez, Emilio"]
[Black "Garcia Martin, Esteban"]
[Result "0-1"]
[WhiteElo "2028"]
[BlackElo "1856"]
[PlyCount "140"]
[EventDate "2019.01.07"]
[EventType "swiss"]
[EventRounds "9"]
[EventCountry "ESP"]
[SourceTitle "Ajedrez en Madrid"]
[Source "lmi"]
[SourceDate "2019.01.07"]
[SourceVersion "1"]
[SourceVersionDate "2019.01.22"]
[SourceQuality "1"]

1. d4 Nf6 2. c4 b6 3. Nc3 Bb7 4. Nf3 e6 5. a3 c5 6. d5 exd5 7. cxd5 d6 8. Bf4
Be7 9. e4 O-O 10. Bd3 a6 11. a4 Re8 12. O-O Nbd7 13. Re1 Nf8 14. h3 Ng6 15. Bh2
Bf8 16. Qc2 Nh5 17. Bf1 Bc8 18. Rad1 Nf6 19. Nd2 Nd7 20. Nc4 Nde5 21. Nxe5 dxe5
22. Qd2 Bd6 23. Bc4 Bd7 24. Bg3 Rf8 25. f3 Qe8 26. Qe2 Qc8 27. Kh2 h5 28. Qf1
h4 29. Bf2 Kh7 30. Be3 Rh8 31. b3 Kg8 32. Bd3 Rh5 33. Kh1 Rh8 34. Rc1 Kh7 35.
Ne2 Kg8 36. a5 b5 37. Bxc5 Qb8 38. b4 Nf4 39. Nxf4 exf4 40. Qf2 Rh6 41. Rc2 Be5
42. Rec1 Qd8 43. Bb6 Qf6 44. Qd2 g5 45. Be2 Qg7 46. Rd1 f5 47. exf5 Bxf5 48.
Bd3 Bd7 49. Be4 Re8 50. Bc7 g4 51. Bxe5 Qxe5 52. hxg4 h3 53. Qd4 hxg2+ 54. Kxg2
Qg5 55. Rh1 Bxg4 56. Rxh6 Bh3+ 57. Kf2 Qxh6 58. Rc6 Qh4+ 59. Ke2 Bf5 60. Kd2
Bxe4 61. fxe4 Qg5 62. Rc3 Qg2+ 63. Kc1 f3 64. Rc2 Qg3 65. Qe3 Qg4 66. e5 Rf8
67. Rf2 Rc8+ 68. Kd1 Qg1+ 69. Kd2 Qc1+ 70. Kd3 Rc3+ 0-1

[Event "Madrid ch Veteranos 2018-2019"]
[Site "Madrid ESP"]
[Date "2019.01.14"]
[Round "6.6"]
[White "Vukotic Jovsic, Dragan"]
[Black "Viñas Lopez, Carlos"]
[Result "0-1"]
[WhiteElo "1959"]
[BlackElo "1879"]
[PlyCount "82"]
[EventDate "2019.01.07"]
[EventType "swiss"]
[EventRounds "9"]
[EventCountry "ESP"]
[SourceTitle "Ajedrez en Madrid"]
[Source "lmi"]
[SourceDate "2019.01.07"]
[SourceVersion "1"]
[SourceVersionDate "2019.01.22"]
[SourceQuality "1"]

1. d4 Nf6 2. Nf3 d5 3. Bf4 e6 4. e3 Bd6 5. Bg3 O-O 6. Bd3 b6 7. Nbd2 Bb7 8. Ne5
Ne4 9. f4 f6 10. Ng4 Nd7 11. c3 a5 12. Qc2 f5 13. Nf2 c5 14. Ndxe4 dxe4 15. Bc4
Bd5 16. Bxd5 exd5 17. Qb3 c4 18. Qb5 Nf6 19. Bh4 Qd7 20. Qxd7 Nxd7 21. Rg1 b5
22. g4 b4 23. gxf5 Rxf5 24. Kd2 Rb8 25. Rg3 Rh5 26. Rg4 Nf8 27. Rag1 Ng6 28.
Bg3 Ne7 29. f5 Bxg3 30. R4xg3 Nxf5 31. Rg5 Rxg5 32. Rxg5 bxc3+ 33. Kxc3 Nxe3
34. Ng4 Nxg4 35. Rxg4 e3 36. Rg1 Re8 37. Re1 e2 38. b3 cxb3 39. Kxb3 Re4 40.
Kc3 g5 41. Kd3 Kg7 0-1